000 01086naa a2200313 c 4500
001 29504
003 ES-MaCES
005 20150929135529.0
008 960607n1995 sp ||| | spa d
035 _aCES19980034489v
040 _aES-MaCES
_bspa
_cES-MaCES
100 1 _aSala Ríos, Mercé
_923055
245 1 3 _aEl sector de la fruta dulce en España
_b: nuevas corrientes comerciales y competitividad
_cMercé Sala Ríos
504 _aBibliografía: p. 157-158
650 4 _acuadros estadísticos
_928890
650 4 _aEspaña
_926964
650 4 _acompetitividad
_928270
650 4 _aintegración económica
_927962
650 4 _acomercio internacional
_927958
650 4 _arelaciones comerciales
_927965
650 4 _aproducción agrícola
_927531
650 4 _afruta
_927557
653 1 0 _aAgricultura-Ganadería
650 4 _926752
_aUE
773 0 _tRevista española de economía agraria
_gMadrid. - N. 171 (1995, 1) ; p. 135-160
_w(ES-MaCES)25504
902 _aART Artículo de revista
942 _2CES
_cAR
_h5.0.
999 _c29504
_d29504